Eva Kmentová : [Severočeská galerie výtvarného umění v Litoměřicích červenec - září 2003, Západočeská galerie v Plzni říjen - listopad 2003, Muzeum Kampa, Nadace Jana a Medy Mládkových leden - únor 2004] : [katalog výstavy] /

Hlavní autor: Kmentová, Eva, 1928-1980
Korporativní autor: Severočeská galerie výtvarného umění (Litoměřice, Česko)
Další autoři: Klimešová, Marie, 1952-
Jazyk: Čeština
Angličtina
Vydáno: V Litoměřicích : Severočeská galerie výtvarného umění, 2003
Témata:
Externí odkaz: Digitalizovaný dokument
Fyzický popis: [110] s. : il. (některé barev.) ; 24 cm + 2 příl. (2 dvoulisty)
Knihy
Uloženo v:
LEADER 01932nam a2200433 a 4500
001 000696295
003 CZ BrMZK
005 20071008135056.0
007 ta
008 031110s2003 xr a f c 000 0dcze d
015 |a cnb001250710 
020 |a 80-85090-50-3  |q (brož.) 
035 |a (OCoLC)85064225 
040 |a BOA001  |c ze  |d BOA001 
041 1 |a cze  |h cze  |a eng 
043 |a e-xr--- 
045 |a x4x7 
072 7 |a 72/76  |x Výtvarné umění  |2 Konspekt  |9 21 
080 |a (083.824)  |2 MRF 
080 |a 72/76(437.3)  |2 MRF 
080 |a 7.036/.038  |2 MRF 
080 |a (437.3)  |2 MRF 
100 1 |a Kmentová, Eva,  |d 1928-1980  |7 jn99240000468  |4 art 
245 1 0 |a Eva Kmentová :  |b [Severočeská galerie výtvarného umění v Litoměřicích červenec - září 2003, Západočeská galerie v Plzni říjen - listopad 2003, Muzeum Kampa, Nadace Jana a Medy Mládkových leden - únor 2004] : [katalog výstavy] /  |c [katalog Marie Klimešová] 
260 |a V Litoměřicích :  |b Severočeská galerie výtvarného umění,  |c 2003 
300 |a [110] s. :  |b il. (některé barev.) ;  |c 24 cm +  |e 2 příl. (2 dvoulisty) 
500 |a Životopisná data, přehled výstav 
500 |a V kartonovém pouzdru 
500 |a Souběžný anglický text 
600 1 7 |a Kmentová, Eva,  |d 1928-1980  |7 jn99240000468  |2 czenas 
650 0 7 |a moderní umění  |7 ph115340  |z Česko  |2 czenas 
650 0 7 |a české výtvarné umění  |7 ph116865  |y 20. stol.  |2 czenas 
655 7 |a katalogy výstav  |7 fd132536  |2 czenas 
700 1 |a Klimešová, Marie,  |d 1952-  |7 ola2002105172  |4 aut 
710 2 |a Severočeská galerie výtvarného umění (Litoměřice, Česko)  |7 kn20020321436 
856 4 1 |u http://www.digitalniknihovna.cz/mzk/uuid/uuid:c73db470-0596-11e3-9923-005056827e52  |y Digitalizovaný dokument  |x NDK 
910 |a BOA001  |b 3-1124.597 
990 |a BK 
996 6 |b 2610201860  |c 3-1124.597  |l MZK  |r Sklad / do 1 hodiny  |n 23  |p p.v.  |w 000696295  |u 000010  |a 1  |e BOA001  |j MZK50  |s P